| 000 | 00951nam a22002777a 4500 | ||
|---|---|---|---|
| 001 | 9279 | ||
| 003 | FISKH | ||
| 005 | 20251209084552.0 | ||
| 008 | 251209b cb ||||| |||| 00| 0 eng d | ||
| 040 |
_aFISKH _beng _cFISKH _dFISKH |
||
| 050 | _aPZ7.W3274 F | ||
| 082 | _a508.2 | ||
| 100 |
_aWatson, Jane Werner _eAuthor |
||
| 245 |
_aFrosty the snow man : _bLittle golden book / _cAdapted from the song of the same name ; Retold by Annie North Bedford ; Pictures by Corinne Malvern |
||
| 260 |
_aWisconsin : _bGolden Press ; _c1950 |
||
| 300 |
_a22 unnumbered pages : _bcolor illustrations ; _c20 cm |
||
| 505 | _aJ | ||
| 520 | _aThe children create Frosty the Snow Man and have great fun with him in the snow. | ||
| 521 | 8 |
_a450
_bLexile estimate |
|
| 521 | 8 |
_aJ
_bRaz-Plus |
|
| 650 |
_aChildren's literature _vChristmas |
||
| 650 |
_aWinter _vFrosty |
||
| 700 |
_aMalvern, Corinne _eIllustrator |
||
| 942 |
_2ddc _cBK _n0 |
||
| 999 |
_c9279 _d9279 |
||